Teaching listening comprehension

The book is about developing listening comprehension skills in the language classroom. In Part One, the book defines the characteristics of real-life listening, analyses the problems encountered by language learners, and discusses the considerations involved in planning successful classroom listenin...

全面介紹

Đã lưu trong:
書目詳細資料
主要作者: Penny Ur
格式: 圖書
語言:Undetermined
出版: Cambridge, New York Cambridge Univ 1984
主題:
標簽: 添加標簽
沒有標簽, 成為第一個標記此記錄!
Thư viện lưu trữ: Trung tâm Học liệu Trường Đại học Cần Thơ
LEADER 01009nam a2200205Ia 4500
001 CTU_27234
008 210402s9999 xx 000 0 und d
020 |b 45.22Dfl 
082 |a 428.24 
082 |b U72 
100 |a Penny Ur 
245 0 |a Teaching listening comprehension 
245 0 |c Penny Ur 
260 |a Cambridge, New York 
260 |b Cambridge Univ 
260 |c 1984 
520 |a The book is about developing listening comprehension skills in the language classroom. In Part One, the book defines the characteristics of real-life listening, analyses the problems encountered by language learners, and discusses the considerations involved in planning successful classroom listening practice. Part Two ranges the activities in level from elementary to advanced and illustrates techniques appropriate for both adults and children 
650 |a english language - spoken english - textbooks for foreigners 
904 |i Minh, 981208 
980 |a Trung tâm Học liệu Trường Đại học Cần Thơ